000 00644nam a2200181 i 4500
001 182813
003 ES-MaACL
005 20230906221722.0
007 t|
008 131106s1985 sp r ||||1| spa d
100 1 _aPrieto Escudero, Germán.
_993926
245 1 0 _aSeguridad social
_b: prevalencia empírico-sociológica del sistema institucional mediterraneo /
_cGermán Prieto Escudero.
260 _aMadrid :
_bCentro de Estudios Constitucionales,
_c1985.
300 _aP. 55-77 p. ;
_c24 cm.
500 _aSeparata del nº 147 de la Revista de Política Social.
650 _aSeguridad social.
_9136859
852 _aES-MaACL
_j2329-F-25
999 _c182813
_d182813